|
|
|
|
| LEADER |
03982nam a22004093i 4500 |
| 001 |
EBC7101387 |
| 003 |
MiAaPQ |
| 005 |
20240729202204.0 |
| 006 |
m o d | |
| 007 |
cr cnu|||||||| |
| 008 |
240729s2014 xx o ||||0 ger d |
| 020 |
|
|
|a 9783428574674
|q (electronic bk.)
|
| 020 |
|
|
|z 9783428174676
|
| 035 |
|
|
|a (MiAaPQ)EBC7101387
|
| 035 |
|
|
|a (Au-PeEL)EBL7101387
|
| 035 |
|
|
|a (OCoLC)1347023284
|
| 040 |
|
|
|a MiAaPQ
|b eng
|e rda
|e pn
|c MiAaPQ
|d MiAaPQ
|
| 100 |
1 |
|
|a Francke, Ernst.
|
| 245 |
1 |
4 |
|a Die Geistigen Arbeiter :
|b Zweiter Teil: Journalisten und Bildende Künstler. (Schriften des Vereins Für Sozialpolitik 152-II).
|
| 250 |
|
|
|a 1st ed.
|
| 264 |
|
1 |
|a Berlin :
|b Duncker & Humblot,
|c 2014.
|
| 264 |
|
4 |
|c {copy}1922.
|
| 300 |
|
|
|a 1 online resource (182 pages)
|
| 336 |
|
|
|a text
|b txt
|2 rdacontent
|
| 337 |
|
|
|a computer
|b c
|2 rdamedia
|
| 338 |
|
|
|a online resource
|b cr
|2 rdacarrier
|
| 490 |
1 |
|
|a Duncker and Humblot Reprints Series
|
| 505 |
0 |
|
|a Intro -- Vorwort -- Inhaltsverzeichnis -- Erstes Kapitel. Grundlinien der äußeren und inneren Gliederung des Schriftstellertums und Verlages. Von Dr. Adolf Braun, M. d. R-, Hauptschriftleiter der „Fränkischen Tagespost" (Nürnberg) -- Zweites Kapitel. Die gegenwärtige Lage des deutschen Zeitungsgewerbes. Von Dr. jur. Martin Larbe, Generalbevollmächtigter der Firma Rudolf Mosse, Vorsitzender des Präsidiums der Vereinigung Großstädtischer Zeitungsverleger (Berlin) -- Drittes Kapitel. Die Berufsvereine des deutschen Journalismus. Von Cajetan Freund, Schriftleiter der Münchener Zeitung (München) -- Inhaltsübersicht -- I. Das Journalisten- und Schriftstellervereinswesen vor 1910 -- II. Der Reichsverband der Deutschen Presse -- III. Der gewerkschaftlich organisierte Reichsverband -- IV. Die Unterverbände -- V. Tarifverträge und Arbeitsgemeinschaft -- Viertes Kapitel. Die Lage der festangestellten Schriftleiter und Mitarbeiter. Von Dr. Friedrich Trefz, Verlagsdirektor der Münchener Neuesten Nachrichten (München) -- Inhaltsübersicht -- Werdegang und Laufbahn des Journalisten -- Die Presse von heute -- Schriftleiter und Mitarbeiter -- Der Andrang zum Journalismus -- Stellenvermittlung und Arbeitsnachweis -- Die Arbeitsbedingungen -- Entlohnung -- Die Bezüge der Schriftleiter und Mitarbeiter -- Kosten der Ausbildung -- Der alte Journalist -- Fünftes Kapitel. Die derzeitige wirtschaftliche Lage der bildenden Künstler. Von Fritz Hellwag, Schriftleiter des Reichswirtschaftsverbandes bildender Künstler Deutschlands (Berlin-Zehlendorf) -- Inhaltsübersicht -- I. Ab- oder Zunahme der Zahl der bildenden Künstler -- II. Unterstützungsbedürftige Künstler -- III. Die Mitgliederbeiträge der Künstlerverbände -- IV. Die Mitgliederzahl der Künstlerverbände -- V. Preise 1913 und 1921 -- VI. Verschiebung der relativen Zahlen der einzelnen Fachgruppen.
|
| 505 |
8 |
|
|a VII. Verkäufe in Ausstellungen -- 1. Badischer Kunstverein in Karlsruhe -- 2. Württembergischer Kunstverein in Stuttgart -- 3. Im Museum für Kunst und Kunstgewerbe in Weimar -- 4. Thüringer Ausstellerverband bildender Künstler, Weimar -- VIII. Die Zahl der Kunsthändler -- IX. Schülerbestand der Lehranstalten -- a) Die öffentlichen Lehranstalten -- b) Private Kunstschulen -- X. Der Ateliermangel -- Schlußwort.
|
| 588 |
|
|
|a Description based on publisher supplied metadata and other sources.
|
| 590 |
|
|
|a Electronic reproduction. Ann Arbor, Michigan : ProQuest Ebook Central, 2024. Available via World Wide Web. Access may be limited to ProQuest Ebook Central affiliated libraries.
|
| 655 |
|
4 |
|a Electronic books.
|
| 700 |
1 |
|
|a Lotz, Walther.
|
| 776 |
0 |
8 |
|i Print version:
|a Francke, Ernst
|t Die Geistigen Arbeiter
|d Berlin : Duncker & Humblot,c2014
|z 9783428174676
|
| 797 |
2 |
|
|a ProQuest (Firm)
|
| 830 |
|
0 |
|a Duncker and Humblot Reprints Series
|
| 856 |
4 |
0 |
|u https://ebookcentral.proquest.com/lib/matrademy/detail.action?docID=7101387
|z Click to View
|